[Event "It (open)"]
[Site "masterchessopen.com Mainz (Germany)"]
[Round "1"]
[White "Jost Horst"]
[Black "Mayer Joachim (GER)"]
[Result "0-1"]
[WhiteElo "1670"]
[BlackElo "2140"]

1.d4 Nf6 2.c4 g6 3.Nc3 d5 4.cxd5 Nxd5 5.g3 Bg7 6.Nf3 O-O 7.Bg2 c5 8.O-O cxd4
9.Nxd4 Nxc3 10.bxc3 Qc7 11.Qb3 Nc6 12.Nxc6 bxc6 13.Qc4 Bb7 14.Be3 a5 15.Bf3
Ba6 16.Qc5 Rab8 17.Rab1 Rb5 18.Rxb5 Bxb5 19.Rc1 Rd8 20.c4 Ba4 21.Kg2 Rd1
22.Rxd1 Bxd1 23.Qxc6 Qxc6 24.Bxc6 Bxe2 25.c5 Be5 26.a4 Ba6 27.Bd7 e6 28.c6 Bc7
29.Kf3 Kg7 30.Ke4 Kf6 31.h4 Ke7 32.Bc5+ Kd8 33.g4 Bc8 34.Bxc8 Kxc8 35.Kd4 Bd8
36.Bd6 Bxh4 37.f3 Bd8 38.Kc5 f5 39.Kb5 fxg4 40.fxg4 h5 41.gxh5 gxh5 42.c7 Bxc7
43.Be7 Kd7 44.Bh4 Bd8 {#R} 0-1

[Event "It (open)"]
[Site "masterchessopen.com New York (USA)"]
[Round "0"]
[White "Weldon Charles (USA)"]
[Black "Paunovic Dragan (SRB)"]
[Result "0-1"]
[WhiteElo "2270"]
[BlackElo "2512"]

1.d4 Nf6 2.Nf3 g6 3.c4 Bg7 4.Nc3 O-O 5.g3 d5 6.cxd5 Nxd5 7.Bg2 c5 8.O-O Nxc3
9.bxc3 Nc6 10.Ba3 cxd4 11.Nxd4 Nxd4 12.cxd4 Bxd4 13.Rb1 Bb6 14.Qxd8 Rxd8
15.Bxe7 Re8 16.Bb4 Rxe2 17.Rbe1 Rxe1 18.Rxe1 Be6 19.a4 Rc8 20.Bxb7 Rc2 21.Rf1
Bc4 22.Rd1 Bxf2+ 23.Kh1 Bb6 24.a5 Be3 25.Rd8+ Kg7 26.Be4 Rc1+ 27.Kg2 Be6
28.Rd3 Bg5 29.h4 Bf6 30.Bd2 Ra1 31.Kf3 Ra4 32.Bb7 Kf8 33.a6 Bg4+ 34.Ke3 Be7
35.Rc3 Bd6 36.Bc8 Bxc8 37.Rxc8+ Ke7 38.Ra8 Rxa6 39.g4 Bc5+ 40.Ke4 Ra4+ 41.Kd5
Bb6 42.Bc3 Rxg4 43.Rb8 Rxh4 44.Rb7+ Kd8 45.Rxf7 Rh5+ 46.Ke6 Kc8 47.Be5 a5
48.Re7 a4 49.Kd6 Bd8 50.Ra7 Kb8 51.Rd7 Bc7+ 52.Rxc7 Rxe5 53.Rxh7 Re3 54.Rg7 a3
55.Rxg6 a2 56.Rg1 Ra3 57.Ra1 Ra5 58.Kc6 Ka7 59.Kc7 Ra6 60.Kd8 Kb6 {#R} 0-1

[Event "It (open)"]
[Site "masterchessopen.com Copenhagen (Denmark)"]
[Round "6"]
[White "Loeffler Stefan (GER)"]
[Black "Karsa Laszlo (HUN)"]
[Result "0-1"]
[WhiteElo "2424"]
[BlackElo "2346"]

1.Nf3 Nf6 2.d4 g6 3.c4 Bg7 4.g3 O-O 5.Bg2 d5 6.cxd5 Nxd5 7.O-O c5 8.Nc3 Nxc3
9.bxc3 cxd4 10.Nxd4 Qa5 11.Qb3 Nd7 12.Ba3 Re8 13.Rab1 Rb8 14.Rfd1 Nb6 15.c4
Bd7 16.Nb5 Bf5 17.Bb4 Qa4 18.e4 Bg4 19.f3 Be6 20.Nc7 Qc6 21.Nxe8 Rxe8 22.Qa3
Nxc4 23.Qxa7 b6 24.Bxe7 Be5 25.Bd8 Bd6 26.Rxd6 Qxd6 27.Bf6 Qd3 28.Ra1 Ne3
29.Qa4 b5 30.Qa5 Nxg2 31.Qc3 Qxc3 32.Bxc3 Ne3 33.a4 b4 34.Kf2 Nc2 35.Rc1 bxc3
36.Rxc2 Rc8 37.a5 Bb3 38.Rc1 c2 39.Ke1 Ra8 40.Ra1 Rxa5 {#R} 0-1

[Event "It (open)"]
[Site "masterchessopen.com Naestved (Denmark)"]
[Round "0"]
[White "Schneider Bernhard (GER)"]
[Black "Jasnikowski Zbigniew (POL)"]
[Result "1-0"]
[WhiteElo "2231"]
[BlackElo "2425"]

1.g3 Nf6 2.Bg2 d5 3.Nf3 g6 4.c4 Bg7 5.cxd5 Nxd5 6.Nc3 O-O 7.O-O c5 8.d4 Nxc3
9.bxc3 Nc6 10.Rb1 Qa5 11.d5 Ne5 12.Nxe5 Bxe5 13.c4 Qxa2 14.Bb2 Bxb2 15.Qc2 e5
16.Rxb2 Qa6 17.f4 Qd6 18.Qc3 f6 19.e4 b6 20.h4 h6 21.Rbf2 Bd7 22.Qe3 Kg7
23.Kh2 a6 24.Bh3 Bxh3 25.Kxh3 b5 26.f5 g5 27.Ra2 Rfb8 28.Rfa1 b4 29.Ra5 b3
30.Rb1 Qb6 31.Ra3 b2 32.Qe2 Ra7 33.Qh5 Kg8 34.Ra2 gxh4 35.Raxb2 Qxb2 36.Rxb2
Rxb2 37.Qe8+ Kh7 38.Qg6+ Kh8 39.Qxf6+ Rg7 40.Qxh6+ Kg8 41.Qe6+ Kh7 42.g4 Rb3+
43.Kxh4 Rb1 44.f6 Rh1+ 45.Kg3 Rg1+ 46.Kf3 R7xg4 47.Qxg4 Rxg4 48.Kxg4 Kg6
49.Kf3 Kxf6 50.Ke3 {#r} 1-0

[Event "It (open)"]
[Site "masterchessopen.com Szekszard (Hungary)"]
[Round "8"]
[White "Horvath Istvan (HUN)"]
[Black "Horvath Miklosne (HUN)"]
[Result "0-1"]
[WhiteElo "2180"]
[BlackElo "2130"]

1.c4 Nf6 2.Nf3 g6 3.g3 Bg7 4.Bg2 O-O 5.O-O d5 6.cxd5 Nxd5 7.d4 c5 8.Nc3 Nc6
9.Nxd5 Qxd5 10.Ne5 Qxd4 11.Nxc6 bxc6 12.Be3 Qxb2 13.Qa4 Qxe2 14.Bxc6 Qa6
15.Qxa6 Bxa6 16.Bxa8 Bxf1 17.Rxf1 Rxa8 18.Bxc5 e6 19.Rb1 Be5 20.Rb7 a6 21.Rb6
Kg7 22.Kg2 h5 23.h3 Kf6 24.Kf3 a5 25.a4 Rd8 26.Rb5 Bc3 27.Rb3 Bd4 28.Rd3 Ke5
29.g4 hxg4+ 30.hxg4 Rd5 31.Be7 Bc5 32.Rxd5+ Kxd5 33.Bd8 Bb4 34.g5 Kc4 35.Ke4
Bc3 36.f4 Kb4 37.Kd3 Bb2 38.Be7+ Kxa4 39.Kc4 Ba3 {#R} 0-1

[Event "It (open)"]
[Site "masterchessopen.com Mar del Plata (Argentina)"]
[Round "0"]
[White "Frydman Isidoro (ARG)"]
[Black "Toth Peter (BRA)"]
[Result "1-0"]
[WhiteElo "2230"]
[BlackElo "2153"]

1.d4 Nf6 2.c4 g6 3.Nc3 Bg7 4.Nf3 O-O 5.g3 d5 6.cxd5 Nxd5 7.Bg2 c5 8.O-O cxd4
9.Nxd4 Nxc3 10.bxc3 Qa5 11.Bb2 Na6 12.Nb3 Qc7 13.Rc1 Be6 14.Qc2 Rac8 15.Qe4
Nc5 16.Qb4 b6 17.Nd4 Bd7 18.Nb5 Bxb5 19.Qxb5 Rfd8 20.Rc2 a6 21.Qb4 b5 22.Bc1
Na4 23.Bf4 e5 24.Bg5 Rd7 25.c4 Rd4 26.Rfc1 Bf8 27.Qb3 Qd7 28.cxb5 Rd1+ 29.Bf1
Rxc1 30.Bxc1 Rxc2 31.Qxc2 axb5 32.Be3 b4 33.Bd2 Nc3 34.Bxc3 Qc7 35.e3 bxc3
36.Bd3 Kg7 37.Qb3 Qa5 38.a4 h5 39.Qb5 Qc7 40.Bc2 h4 41.a5 h3 42.a6 Bc5 43.Kf1
Qd6 44.Qd3 Qb6 45.Ke2 f5 46.Qc4 Qb2 47.Qb3 Qa1 48.Qb7+ Kh6 49.Qc8 Kh7 50.Qxc5
Qxa6+ 51.Ke1 Qa1+ 52.Bd1 Qc1 53.Qe7+ Kh6 54.Qd8 Kg7 55.Qd3 Kh7 56.Qc2 Qa1
57.f3 f4 58.exf4 exf4 59.gxf4 Qa7 60.Qf2 Qa5 61.Qh4+ Kg7 62.Qe7+ Kh6 63.Bc2
Qa1+ 64.Kf2 Qa6 65.Qg5+ Kh7 66.f5 {#r} 1-0

[Event "It (open)"]
[Site "masterchessopen.com Habana (Cuba)"]
[Round "0"]
[White "Alvarez Jose_ (CUB)"]
[Black "Machado Raul (CUB)"]
[Result "1-0"]
[WhiteElo "2368"]
[BlackElo "2240"]

1.d4 Nf6 2.Nf3 g6 3.c4 Bg7 4.Nc3 d5 5.cxd5 Nxd5 6.g3 O-O 7.Bg2 c5 8.O-O cxd4
9.Nxd4 Nxc3 10.bxc3 Qa5 11.Qb3 Nd7 12.Qa3 Qc7 13.Rb1 a6 14.Qxe7 Qxc3 15.e3 Ra7
16.Bb2 Qa5 17.Ne6 Bxb2 18.Nxf8 Bf6 19.Qe8 Nxf8 20.Qxc8 b5 21.Bd5 Rc7 22.Qa8
Kg7 23.Rbc1 Rxc1 24.Rxc1 Qd2 25.Rc7 {#r} 1-0

[Event "It (open)"]
[Site "masterchessopen.com Dresden (Germany)"]
[Round "0"]
[White "Wichmann Cliff (GER)"]
[Black "Neumann Andreas (GER)"]
[Result "1-0"]
[WhiteElo "2364"]
[BlackElo "2210"]

1.d4 Nf6 2.Nf3 g6 3.c4 Bg7 4.Nc3 d5 5.cxd5 Nxd5 6.g3 O-O 7.Bg2 c5 8.O-O Nc6
9.Nxd5 Qxd5 10.Be3 Qd8 11.d5 Na5 12.Bxc5 Bxb2 13.Rb1 Bf6 14.Nd4 Bd7 15.Qd3 b6
16.Bb4 Rc8 17.Bxa5 bxa5 18.Rb7 Rc7 19.Nc6 Bxc6 20.Rxc7 Qxc7 21.dxc6 Rd8 22.Qc2
Bd4 23.h4 Bb6 24.e3 Rd6 25.Rc1 e5 26.h5 Kg7 27.Qc3 f6 28.Bf3 Rd8 29.Kg2 Qd6
30.Qb3 Qc7 31.Qe6 Rd6 32.h6+ Kxh6 33.Qg8 Rd8 34.Rh1+ Kg5 35.Rh5# 1-0

[Event "It (open)"]
[Site "masterchessopen.com Passau (Germany)"]
[Round "0"]
[White "Euler Gerd (GER)"]
[Black "Gazik Igor (SVK)"]
[Result "0-1"]
[WhiteElo "2323"]
[BlackElo "2425"]

1.d4 Nf6 2.c4 g6 3.Nc3 Bg7 4.Nf3 O-O 5.g3 d5 6.cxd5 Nxd5 7.Bg2 c5 8.O-O cxd4
9.Nxd4 Nxc3 10.bxc3 Nd7 11.Rb1 Rb8 12.Qa4 a6 13.Rd1 Qc7 14.Ba3 Ne5 15.Qb4 Re8
16.Qc5 Qxc5 17.Bxc5 Nd7 18.Ba3 Be5 19.Nb3 Nb6 20.Nc5 Bc7 21.Bc1 Bf5 22.e4 Bg4
23.f3 Bc8 24.Bf1 Bd6 25.Be3 Bxc5 26.Bxc5 Na4 27.Bb4 Be6 28.c4 Kf8 29.Bd2 Red8
30.Bh6+ Ke8 31.Rxd8+ Rxd8 32.Rxb7 Rd1 33.Kf2 Ra1 34.e5 Rxa2+ 35.Ke3 Bc8 36.Ra7
Ra3+ 37.Kf4 Nc5 38.Ra8 Ne6+ 39.Ke4 Kd8 40.c5 Nxc5+ 41.Kd5 Nd7 42.Ra7 Ra5+
43.Kd4 Nxe5 {#R} 0-1

[Event "It (open)"]
[Site "masterchessopen.com Zurich (Switzerland)"]
[Round "0"]
[White "Yewdokimov Oleg (RUS)"]
[Black "Winterstein Wolfgang (GER)"]
[Result "1-0"]
[WhiteElo "2360"]
[BlackElo "2300"]

1.d4 Nf6 2.c4 g6 3.Nc3 Bg7 4.Nf3 O-O 5.g3 d5 6.cxd5 Nxd5 7.Bg2 c5 8.O-O Nxc3
9.bxc3 Nc6 10.e3 cxd4 11.cxd4 Be6 12.Qa4 Bd5 13.Rb1 Be4 14.Rxb7 Nxd4 15.Nxd4
Bxg2 16.Rd7 Bxf1 17.Rxd8 Bh3 18.Rxf8+ Kxf8 19.f3 Bf6 20.Ba3 Kg7 21.Kf2 Rd8
22.Qxa7 Rd7 23.Qb8 h5 24.f4 Rd5 25.Bb4 h4 26.a4 g5 27.a5 hxg3+ 28.hxg3 gxf4
29.gxf4 Bg4 30.Kg3 Bd7 31.Qb7 e6 32.a6 Bxd4 33.exd4 Bc6 34.Qxc6 {#r} 1-0

[Event "It (open)"]
[Site "masterchessopen.com Bled (Slovenia)"]
[Round "6"]
[White "Ciglic Boris (SLO)"]
[Black "Smole Albert (AUT)"]
[Result "1-0"]
[WhiteElo "2115"]
[BlackElo "2113"]

1.Nf3 Nf6 2.c4 g6 3.g3 Bg7 4.Bg2 O-O 5.Nc3 d5 6.cxd5 Nxd5 7.d4 c5 8.O-O cxd4
9.Nxd4 Nxc3 10.bxc3 Qc7 11.Qb3 Rd8 12.Bg5 Re8 13.Rab1 Nc6 14.Bf4 e5 15.Nb5 Qe7
16.Bc1 Be6 17.Qc2 Rac8 18.Ba3 Qd8 19.Nd6 Qa5 20.Nxe8 Rxe8 21.Bd6 Qa6 22.Rfd1
Rc8 23.Qb2 b6 24.Bb4 Nxb4 25.cxb4 Qxa2 26.Qxa2 Bxa2 27.Rbc1 Rxc1 28.Rxc1 b5
29.Rc5 Bc4 30.Bd5 Bxe2 31.Rc7 Bc4 32.Bxc4 bxc4 33.b5 e4 34.Rxa7 Bd4 35.Rd7 Be5
36.Rd5 Bc7 37.Rc5 Bb6 38.Rxc4 e3 39.fxe3 Bxe3+ 40.Kf1 Kf8 41.Ke2 Bg1 42.Rc1
Bd4 43.Kd3 Bf2 44.Rc6 Bg1 45.Ke2 h5 46.Kf1 Bd4 47.b6 {#r} 1-0

[Event "It (open)"]
[Site "masterchessopen.com Calcutta (India)"]
[Round "0"]
[White "Lodhi Mahmood (PAK)"]
[Black "Venkataramanan T S (IND)"]
[Result "1-0"]
[WhiteElo "2450"]
[BlackElo "2274"]

1.d4 Nf6 2.c4 g6 3.Nc3 Bg7 4.Nf3 d5 5.cxd5 Nxd5 6.g3 O-O 7.Bg2 c5 8.O-O Nc6
9.e3 Bg4 10.Qb3 Nxc3 11.bxc3 Na5 12.Qb5 cxd4 13.cxd4 a6 14.Qb4 Rc8 15.Ba3 Nc4
16.Qxe7 Qa5 17.Bb4 Qa4 18.Be1 Qc2 19.Qh4 Bf5 20.Bb4 Rfe8 21.g4 Be4 22.Ng5 h6
23.Nxe4 Rxe4 24.Rfc1 Qa4 25.Bxe4 Qxb4 26.Rab1 Qa4 27.Rxb7 Re8 28.Bd5 Nd6
29.Re7 Rb8 30.Kg2 Qa5 31.Bb3 Bf8 32.Re5 Qd2 33.Rc6 Qe2 34.h3 a5 35.Qf6 a4
36.Bd5 {#r} 1-0

[Event "It (open)"]
[Site "masterchessopen.com Mar del Plata (Argentina)"]
[Round "2"]
[White "Cristobal Ruben (ARG)"]
[Black "Lamperti Julio Franco (ARG)"]
[Result "1-0"]
[WhiteElo "2250"]
[BlackElo "2120"]

1.d4 Nf6 2.Nf3 g6 3.g3 Bg7 4.Bg2 O-O 5.c4 d5 6.O-O c5 7.cxd5 Nxd5 8.Nc3 Nc6
9.Nxd5 Qxd5 10.Be3 Qh5 11.Qa4 cxd4 12.Nxd4 Nxd4 13.Bxd4 Qg4 14.e4 Bd7 15.Qb4
Bc6 16.Bxg7 Kxg7 17.Qxe7 Rae8 18.Qa3 a6 19.h3 Qg5 20.Rfe1 Re6 21.Re3 Rfe8
22.Rae1 h5 23.h4 Qb5 24.Qc3+ Kg8 25.Bf1 Qb6 26.Bc4 Rxe4 27.Qf6 Qc7 28.Qxg6+
{#r} 1-0

[Event "It (open)"]
[Site "masterchessopen.com Quebec (Canada)"]
[Round "7"]
[White "Vucic Mladen (USA)"]
[Black "Luksza Arkadiusz (CAN)"]
[Result "1-0"]
[WhiteElo "2405"]
[BlackElo "2115"]

1.d4 Nf6 2.Nf3 g6 3.c4 Bg7 4.g3 O-O 5.Bg2 d5 6.cxd5 Nxd5 7.Nc3 c5 8.O-O Nc6
9.Nxd5 Qxd5 10.Be3 Qh5 11.dxc5 Bxb2 12.Rb1 Bf6 13.Qa4 Rb8 14.Bf4 e5 15.Be3 Qg4
16.Qa3 Bf5 17.Rb2 Qc4 18.Nd2 Qe6 19.Ne4 Bxe4 20.Bxe4 a6 21.Bxc6 bxc6 22.Rxb8
Rxb8 23.Qxa6 h5 24.Qd3 Kg7 25.Qd6 Qe8 26.Bh6+ Kxh6 27.Qxf6 Qe6 28.Qxe6 fxe6
29.a4 Ra8 30.Ra1 Ra5 31.Kg2 Kg5 32.Kf3 Kf5 33.e4+ Kf6 34.Ke3 Ke7 35.Kd3 Rxc5
36.a5 Rb5 37.a6 Rb8 38.Kc4 Kd6 39.a7 Ra8 40.h4 Kc7 41.Kc5 Kb7 42.f3 Kc7 43.g4
Kb7 44.gxh5 gxh5 45.Ra2 {#r} 1-0

[Event "It (open)"]
[Site "masterchessopen.com Quebec (Canada)"]
[Round "8"]
[White "Vucic Mladen (USA)"]
[Black "Schleifer Michael (CAN)"]
[Result "1-0"]
[WhiteElo "2405"]
[BlackElo "2339"]

1.d4 Nf6 2.Nf3 g6 3.c4 Bg7 4.g3 O-O 5.Bg2 d5 6.cxd5 Nxd5 7.Nc3 c5 8.O-O Nxc3
9.bxc3 cxd4 10.cxd4 Nc6 11.e3 Be6 12.Qe2 Rc8 13.Bd2 Bc4 14.Qxc4 Nxd4 15.Qxd4
Bxd4 16.exd4 Rc2 17.Be3 Qa5 18.a4 Rfc8 19.Rfd1 Rb2 20.d5 Rb3 21.Bh6 Qa6 22.h4
Rb2 23.Re1 Qd6 24.Nd2 Qd7 25.Ne4 Rc4 26.d6 Rxe4 27.Bxe4 Qxd6 28.Rac1 Qb8
29.Red1 Rb4 30.Bg2 Rb6 31.Rd7 Rd6 32.Rxe7 Rd8 33.Bf4 Rd6 {#r} 1-0

[Event "It (open)"]
[Site "masterchessopen.com Namsos (Norway)"]
[Round "0"]
[White "Monsoy Arild (NOR)"]
[Black "Bjerke Richard (NOR)"]
[Result "0-1"]
[WhiteElo "1979"]
[BlackElo "2275"]

1.d4 Nf6 2.Nf3 g6 3.c4 Bg7 4.Nc3 d5 5.g3 O-O 6.cxd5 Nxd5 7.Bg2 c5 8.O-O Nxc3
9.bxc3 Nc6 10.e3 Qc7 11.Qe2 Bd7 12.Bd2 Rac8 13.Rab1 b6 14.Rfc1 e6 15.e4 cxd4
16.cxd4 Qd6 17.Bf4 Nxd4 18.Nxd4 Qxd4 19.Qa6 Qa4 20.Qe2 e5 21.Be3 Be6 22.Rb2
Rxc1+ 23.Bxc1 Rc8 24.Be3 Bf8 25.h4 h5 26.Bg5 Ba3 27.Rb1 Qc2 28.Qe1 Bxa2 29.Rd1
Bb4 30.Qxb4 Qxd1+ 31.Kh2 Qd4 32.Qe7 Qxf2 33.Bh6 Kh7 {#R} 0-1

[Event "It (open)"]
[Site "masterchessopen.com Imperia (Italy)"]
[Round "0"]
[White "Faraci Antonino (ITA)"]
[Black "Tortarolo Massimiliano (ITA)"]
[Result "0-1"]
[WhiteElo "1983"]
[BlackElo "2235"]

1.d4 Nf6 2.c4 g6 3.Nc3 d5 4.Nf3 Bg7 5.g3 O-O 6.cxd5 Nxd5 7.Bg2 c5 8.O-O Nxc3
9.bxc3 Nc6 10.Be3 cxd4 11.cxd4 Be6 12.Qd2 Bd5 13.Rfd1 Rc8 14.Bh6 Qd6 15.Bxg7
Kxg7 16.Rab1 b6 17.Bh3 e6 18.Nh4 Qa3 19.Rb5 Qxa2 20.Qf4 Qxe2 21.Rxd5 Qxd1+
22.Kg2 exd5 23.Nf5+ Kh8 24.Qh6 Rg8 25.Nd6 {#R} 0-1

[Event "It (open)"]
[Site "masterchessopen.com Tuebingen (Germany)"]
[Round "0"]
[White "Von Auer Ulrich (GER)"]
[Black "Klehr Winfried (GER)"]
[Result "0-1"]
[WhiteElo "2108"]
[BlackElo "2037"]

1.d4 Nf6 2.Nf3 g6 3.c4 Bg7 4.g3 d5 5.Bg2 O-O 6.cxd5 Nxd5 7.Nc3 c5 8.O-O cxd4
9.Nxd4 Nxc3 10.bxc3 Qa5 11.Qb3 Na6 12.Ba3 Bf6 13.e3 Rb8 14.Rab1 Bd7 15.c4 Ba4
16.Bb4 Bxb3 17.Bxa5 Bxa2 18.Rxb7 Rxb7 19.Bxb7 Nc5 20.Bd5 e6 21.Bg2 Nd3 22.Nc6
a6 23.Rd1 Bxc4 24.Bf1 Rc8 25.Na7 Rc5 26.Bb6 Rd5 27.Nc6 Kg7 28.Bd4 Bxd4 29.exd4
Nb2 30.Ra1 Bb5 31.Nb4 Rxd4 32.Nxa6 Nd3 33.Nc7 Bc6 34.Rd1 Ne5 35.Be2 Rxd1+
36.Bxd1 Kf8 37.Na6 Ke7 38.Nb4 Bb7 39.Be2 Kd6 40.f4 Nf3+ 41.Bxf3 Bxf3 42.Kf2
Be4 43.Ke3 Bb1 44.h4 h5 45.Kd4 f6 46.Na6 e5+ 47.Ke3 Ba2 48.Nb4 Bc4 49.Nc2 Bb3
50.Nb4 Ke6 51.Nd3 Kf5 52.Kf2 Bd5 53.Ke3 Bc4 54.Nb2 exf4+ 55.gxf4 Bd5 56.Nd1
Kg4 57.Nc3 Bc6 58.Ne2 Kxh4 59.Nd4 Bd5 60.Nb5 Kg3 61.Nd6 h4 62.f5 g5 63.Ne8 h3
64.Nxf6 h2 65.Nxd5 h1=Q {#R} 0-1

[Event "It (open)"]
[Site "masterchessopen.com Komarno (Slovakia)"]
[Round "0"]
[White "Balogh Tomas (SVK)"]
[Black "Likavsky Tomas (SVK)"]
[Result "1-0"]
[WhiteElo "2390"]
[BlackElo "2240"]

1.d4 Nf6 2.c4 c5 3.Nf3 g6 4.g3 Bg7 5.Bg2 O-O 6.Nc3 d5 7.cxd5 Nxd5 8.O-O Nc6
9.dxc5 Nxc3 10.bxc3 Bxc3 11.Bh6 Bg7 12.Bxg7 Kxg7 13.Qc2 e5 14.Rfd1 Qe7 15.Rd6
Bg4 16.Qb2 Rac8 17.Rb1 Rc7 18.e3 Rfc8 19.Ne1 Bf5 20.e4 Be6 21.f4 f6 22.Nd3 Bc4
23.fxe5 fxe5 24.Nf2 Nd4 25.Bh3 Rxc5 26.Rd7 Qxd7 27.Bxd7 R8c7 28.Bh3 Nc6 29.Rd1
b5 30.Rd7+ Rxd7 31.Bxd7 Nd4 32.Qb4 {#r} 1-0

[Event "It (open)"]
[Site "masterchessopen.com Ingelheim (Germany)"]
[Round "0"]
[White "Schmitt Christian (GER)"]
[Black "Wissemann Andreas (GER)"]
[Result "0-1"]
[WhiteElo "2183"]
[BlackElo "2021"]

1.d4 Nf6 2.c4 g6 3.g3 d5 4.Bg2 Bg7 5.Nf3 O-O 6.cxd5 Nxd5 7.O-O c5 8.Nc3 Nxc3
9.bxc3 Nc6 10.e3 Bg4 11.Bb2 cxd4 12.cxd4 Qd7 13.Re1 Rfd8 14.a4 e5 15.dxe5 Qf5
16.Qe2 Bxe5 17.e4 Qf6 18.Bxe5 Nxe5 19.Ra3 Rd6 20.h3 Bxf3 21.Bxf3 Rad8 22.Bg2
Rd2 23.Qf1 Qd6 24.Raa1 Qd4 25.Rab1 b6 26.Re2 Qxa4 27.Rxd2 Rxd2 28.Qb5 Qd4
29.Rf1 a5 30.Kh2 Rb2 31.Qe8+ Kg7 32.Rd1 Nf3+ {#R} 0-1

[Event "It (open)"]
[Site "masterchessopen.com Passau (Germany)"]
[Round "2"]
[White "Bierbach Utz-Friedrich (GER)"]
[Black "Loderbauer Gerhard"]
[Result "0-1"]
[WhiteElo "2095"]
[BlackElo "1825"]

1.d4 Nf6 2.c4 g6 3.Nc3 d5 4.Nf3 Bg7 5.g3 O-O 6.cxd5 Nxd5 7.Bg2 c5 8.O-O cxd4
9.Nxd4 Nxc3 10.bxc3 Qa5 11.Bb2 Rd8 12.Qc2 e5 13.Nb3 Qc7 14.Rad1 Nc6 15.Ba3 Bf5
16.e4 Bg4 17.Rxd8+ Rxd8 18.h3 Be6 19.Qe2 Na5 20.Rd1 Nxb3 21.Rxd8+ Qxd8 22.axb3
Qc8 23.Qb5 a6 24.Qb6 Bf6 25.c4 Bd8 26.Qd6 Bc7 27.Qe7 Qd8 28.Qxd8+ Bxd8 29.Bd6
f6 30.Bf1 a5 31.Kg2 b6 32.f4 exf4 33.gxf4 Kf7 34.Bd3 Be7 35.Bc7 Bc5 36.f5 Bd7
37.fxg6+ hxg6 38.h4 Bg4 39.Bc2 Be2 40.Bg3 Ke6 41.Bf2 Bxf2 42.Kxf2 Bh5 43.Ke3
Ke5 44.Kd3 g5 45.hxg5 fxg5 46.Ke3 Bg6 47.Bd3 Bf7 48.Be2 Be6 49.Bd1 Bh3 50.Bh5
g4 51.Bg6 Bf1 52.Bf5 g3 53.Kf3 g2 54.Kf2 Bd3 {#R} 0-1

[Event "It (open)"]
[Site "masterchessopen.com Valencia (Spain)"]
[Round "9"]
[White "Lozano Arribas Carlos (ESP)"]
[Black "Oltra Caurin Ramon (ESP)"]
[Result "0-1"]
[WhiteElo "2106"]
[BlackElo "2410"]

1.Nf3 Nf6 2.d4 g6 3.c4 Bg7 4.g3 O-O 5.Bg2 d5 6.cxd5 Nxd5 7.Nc3 c5 8.O-O cxd4
9.Nxd4 Nxc3 10.bxc3 Qa5 11.Qb3 e5 12.Nb5 Be6 13.Qb2 Nc6 14.Bd2 a6 15.Na3 e4
16.Bxe4 Rad8 17.Be1 Rd7 18.Nc2 Qe5 19.Bf3 Bh3 20.e3 Bxf1 21.Kxf1 Qf5 22.Bg2
Ne5 23.Nd4 Qh5 24.Qe2 Qxh2 25.f4 Nc6 26.g4 Nxd4 27.cxd4 Rxd4 {#R} 0-1

[Event "It (open)"]
[Site "masterchessopen.com Bad Wildbad (Germany)"]
[Round "2"]
[White "Loehr Franz (GER)"]
[Black "Goy Udo (GER)"]
[Result "0-1"]
[WhiteElo "1936"]
[BlackElo "2178"]

1.c4 Nf6 2.Nc3 d5 3.cxd5 Nxd5 4.d4 g6 5.Nf3 Bg7 6.g3 O-O 7.Bg2 c5 8.O-O Nc6
9.Nxd5 Qxd5 10.dxc5 Qxc5 11.Ne1 Rd8 12.Qc2 Qb6 13.Nf3 Nb4 14.Qe4 Bf5 15.Qxe7
Nc2 16.Be3 Nxe3 17.Qxe3 Qxe3 18.fxe3 Bxb2 19.Rad1 Rxd1 20.Rxd1 Re8 21.Nd4 Bg4
22.Kf2 b6 23.Bf3 h5 24.Nb5 Re7 25.Rb1 Bg7 26.Bxg4 hxg4 27.Rb4 f5 28.Rc4 a6
29.Nd4 Bh6 30.Nc2 Re6 31.Rc8+ Kf7 32.Rc7+ Ke8 33.h3 gxh3 34.Rh7 g5 35.Nd4 Rf6
36.Kg1 g4 37.Nxf5 Rxf5 38.Rxh6 Rb5 39.Rg6 Rb1+ 40.Kh2 Re1 41.Rxg4 Rxe2+
42.Kxh3 Rxa2 43.Re4+ Kf7 44.g4 b5 45.Re5 b4 46.Rc5 b3 47.Rc7+ Kf6 48.Rb7 b2
49.Kg3 a5 50.Kf4 Ra4+ 51.e4 Rb4 52.g5+ {#R} 0-1

[Event "It (open)"]
[Site "masterchessopen.com Basel (Switzerland)"]
[Round "1"]
[White "Baumann Kurt_ (SUI)"]
[Black "Giertz Niklaus (SUI)"]
[Result "0-1"]
[WhiteElo "1985"]
[BlackElo "2290"]

1.Nf3 Nf6 2.g3 g6 3.Bg2 Bg7 4.O-O O-O 5.c4 c5 6.Nc3 d5 7.cxd5 Nxd5 8.d4 cxd4
9.Nxd4 Nxc3 10.bxc3 Nc6 11.Nxc6 bxc6 12.Qxd8 Rxd8 13.Be3 Be6 14.Bxc6 Rac8
15.Rfd1 Rxd1+ 16.Rxd1 Rxc6 {#R} 0-1

[Event "It (open)"]
[Site "masterchessopen.com Feffernitz (Austria)"]
[Round "4"]
[White "Reiss Georg (AUT)"]
[Black "Reichenbacher Gerhard (GER)"]
[Result "1-0"]
[WhiteElo "2132"]
[BlackElo "2038"]

1.c4 Nf6 2.Nc3 g6 3.Nf3 Bg7 4.d4 O-O 5.g3 d5 6.cxd5 Nxd5 7.Bg2 c5 8.O-O cxd4
9.Nxd4 Nxc3 10.bxc3 Qa5 11.Bd2 e5 12.Nb3 Qc7 13.Qc2 Nc6 14.Rab1 Rd8 15.Bg5 f6
16.Be3 Nd4 17.Nxd4 exd4 18.Bxd4 Qc4 19.Qb3 Qxb3 20.axb3 Bf5 21.Bxb7 Rab8 22.e4
Bh3 23.Bd5+ Kh8 24.Rfd1 Bg4 25.Bxa7 Bxd1 26.Bxb8 Bc2 27.Rc1 Bxb3 28.Bxb3 Rxb8
29.Bd5 f5 30.exf5 gxf5 31.c4 Bd4 32.c5 Rb2 33.c6 Rxf2 34.Kh1 Bb6 35.c7 Bxc7
36.Rxc7 f4 37.Kg1 fxg3 38.hxg3 Re2 39.Kf1 Re5 40.Bc4 h6 41.Kf2 Rf5+ 42.Ke3 Rf6
43.g4 Rf8 44.Bd3 Rf6 45.Be4 Kg8 46.Rc6 Rxc6 47.Bxc6 h5 48.g5 {#r} 1-0

[Event "It (open)"]
[Site "masterchessopen.com Haarlem (Netherlands)"]
[Round "5"]
[White "Visser Cees"]
[Black "Beugelink Erik"]
[Result "0-1"]
[WhiteElo "1996"]
[BlackElo "1830"]

1.Nf3 Nf6 2.g3 c5 3.Bg2 g6 4.c4 d5 5.cxd5 Nxd5 6.Nc3 Bg7 7.d4 O-O 8.O-O Nc6
9.e3 cxd4 10.Nxd5 Qxd5 11.Nxd4 Qc4 12.Nxc6 bxc6 13.Qf3 Ba6 14.Rd1 Rad8 15.Bf1
Qa4 16.Rxd8 Rxd8 17.Bxa6 Qxa6 18.e4 Qa4 19.Bg5 Bxb2 20.Re1 Qa5 21.Re2 Qxg5
22.Rxb2 Qc1+ {#R} 0-1

[Event "It (open)"]
[Site "masterchessopen.com Pardubice (Czech Republic)"]
[Round "4"]
[White "Jirovsky Milos (CZE)"]
[Black "Zhigalko Andrey (BLR)"]
[Result "0-1"]
[WhiteElo "2472"]
[BlackElo "2318"]

1.Nf3 Nf6 2.c4 g6 3.g3 Bg7 4.Bg2 O-O 5.O-O d5 6.cxd5 Nxd5 7.Nc3 c5 8.d4 cxd4
9.Nxd4 Nxc3 10.bxc3 Nc6 11.Nxc6 bxc6 12.Be3 Bxc3 13.Qxd8 Rxd8 14.Rad1 Bb2
15.Rb1 Bf6 16.Bxc6 Bf5 17.Bxa8 Bxb1 18.Rxb1 Rxa8 19.a4 Kf8 20.a5 a6 21.Rb7 e6
22.Bb6 Bd8 23.Kf1 Bxb6 24.Rxb6 Rc8 25.Rxa6 Rc1+ 26.Kg2 Ra1 27.Ra8+ Kg7 28.Kf3
Ra4 29.Ke3 h5 30.h4 Kf6 31.Kd3 Ra2 32.a6 Ke5 33.Ra7 Kf6 34.f3 Kg7 35.Kc4 Rxe2
36.Rd7 Ra2 37.Kb5 Kf6 38.Rd4 e5 39.Ra4 Rb2+ 40.Kc6 Rc2+ 41.Kd7 Rd2+ 42.Ke8
{#R} 0-1

[Event "It (open)"]
[Site "masterchessopen.com Vlissingen (Netherlands)"]
[Round "4"]
[White "Romanishin Oleg M (UKR)"]
[Black "Steenbekkers Franck (NED)"]
[Result "1-0"]
[WhiteElo "2575"]
[BlackElo "2194"]

1.d4 Nf6 2.Nf3 g6 3.g3 Bg7 4.Bg2 O-O 5.c4 d5 6.cxd5 Nxd5 7.O-O c5 8.Nc3 Nc6
9.Nxd5 Qxd5 10.Be3 cxd4 11.Nxd4 Qa5 12.Nxc6 bxc6 13.Bd2 Qb5 14.Qc2 Rb8 15.Bc3
Bxc3 16.bxc3 Be6 17.h4 Rfd8 18.Rfb1 Qc4 19.Rxb8 Rxb8 20.Qd2 Rb7 21.a4 Rd7
22.Qe3 Bd5 23.Rb1 Bxg2 24.Kxg2 Qd5+ 25.Kh2 Qf5 26.Rb4 Rd6 27.Qxa7 c5 28.Rf4
Qe5 29.Qa8+ Kg7 30.Qe4 Qxe4 31.Rxe4 Kf6 32.Kg2 e5 33.Rc4 Rc6 34.a5 Ke6 35.a6
Kd5 36.Ra4 Rc8 37.a7 Ra8 38.Kf3 f5 39.e4+ Kc6 40.exf5 gxf5 41.Ra6+ Kb5 42.Rf6
Rxa7 43.Rxf5 Re7 44.Ke4 Kc4 45.Rxe5 Rxe5+ 46.Kxe5 Kxc3 47.f4 Kb3 48.Kd5 {#r}
1-0